EURIM : a European Conference on Research into the Management of Information Services and Libraries /

Saved in:
Bibliographic Details
Corporate Authors: European Conference on Research into the Management of Information Services and Libraries Paris, France, Aslib, Unesco
Format: Conference Proceeding Book
Language:English
Published: London : Aslib, 1974.
Subjects:
LEADER 01137nam a2200277 i 4500
001 c000257656
003 CARM
005 00000000000000.0
008 850703s1974 enk 0 eng d
019 1 |a 272204  |z 3986086  |z 49895894  |5 LACONCORD2021 
035 |a (OCoLC)3090356  |5 LACONCORD2021 
082 0 4 |a 025.1 
111 2 |a European Conference on Research into the Management of Information Services and Libraries  |d (1973 :  |c Paris, France) 
245 1 0 |a EURIM :  |b a European Conference on Research into the Management of Information Services and Libraries /  |c Presented by Aslib ... [et al.]. 
260 |a London :  |b Aslib,  |c 1974. 
300 |a 192 p. :  |b ill. 
500 |a On t.p.: UNESCO. 
500 |a Papers presented in English, German or French. 
650 0 |a Documentation. 
650 0 |a Library administration. 
650 0 |a Information services. 
710 2 |a Aslib. 
710 2 |a Unesco. 
852 8 |b CARM  |h A2:AF31H0  |i F01240  |p 0329271  |f BK 
999 f f |i 3ddf9ff1-ed00-54b3-951e-e6f74a28bd93  |s 105d2a0f-4830-5092-b3e5-2d57b993b83a 
952 f f |p Can circulate  |a CAVAL  |b CAVAL  |c CAVAL  |d CARM 1 Store  |e F01240  |f A2:AF31H0  |h Other scheme  |i book  |m 0329271